Plus grands écarts de points entre le public et le jury - Eurovision - Statistiques

Statistiques générales
  • Ce quiz a été pris 26 fois
  • Le résultat moyen est 42 sur 50
Statistiques - réponses
Jury Public Différence Pays Édition % Correct
180 50 130 France 2025
96%
52 323 271 Israël 2024
96%
60 297 237 Israël 2025
96%
7 222 215 Pologne 2016
96%
23 162 139 Pologne 2014
96%
17 139 122 Pologne 2025
96%
94 332 238 Russie 2012
96%
130 361 231 Russie 2016
96%
214 0 214 Suisse 2025
96%
365 226 139 Suisse 2024
96%
192 439 247 Ukraine 2022
96%
97 267 170 Ukraine 2021
96%
146 307 161 Ukraine 2024
96%
54 189 135 Ukraine 2023
96%
271 71 200 Autriche 2018
91%
150 376 226 Finlande 2023
91%
83 218 135 Finlande 2021
91%
40 291 251 Norvège 2019
91%
52 216 164 Norvège 2023
91%
163 43 120 Norvège 2015
91%
253 21 232 Suède 2018
91%
241 93 148 Suède 2019
91%
108 255 147 Belgique 2017
87%
59 249 190 Italie 2018
87%
184 366 182 Italie 2015
87%
251 99 152 Italie 2011
87%
171 36 135 Portugal 2022
87%
139 13 126 Portugal 2024
87%
210 337 127 Croatie 2024
83%
38 188 150 Danemark 2018
83%
98 258 160 Estonie 2025
83%
146 22 124 Estonie 2023
83%
46 186 140 Islande 2019
83%
45 173 128 Albanie 2025
78%
249 100 149 Lettonie 2015
78%
87 225 128 Serbie 2022
78%
208 47 161 Malte 2021
74%
137 16 121 Malte 2016
74%
66 215 149 Tchéquie 2018
74%
150 7 143 Tchéquie 2019
74%
171 2 169 Australie 2017
70%
320 191 129 Australie 2016
70%
123 2 121 Australie 2022
70%
247 58 189 Macédoine du Nord 2019
70%
14 239 225 Moldavie 2022
65%
110 264 154 Moldavie 2017
65%
58 224 166 Roumanie 2017
65%
112 253 141 Azerbaïdjan 2009
61%
50 176 126 Turquie 2012
61%
160 39 121 Slovénie 2011
52%
Aucun quiz correspondant
Distribution des résultats
% des personnes avec chaque résultat
Percentile par nombre de réponses
Votre historique - résultats
Vous n’avez pas pris ce quiz